000 005520000a22001450004500
090 _aAS
_bSeriadas
245 1 0 _aNueva especie de Gastrotheca (<Amphibia: Anura: Hylidae>) de la Cordillera Occidental de Colombia
041 0 _aEspañol
700 1 _aArdila Robayo, María Cristina
_94334
700 1 _aLynch, John D.
_992907
700 1 _aRestrepo, Jorge Humberto
_999181
100 1 _aRuiz Carranza, Pedro M.
_994187
942 _cARTICULO
773 1 _tRevista de la Academia Colombiana de Ciencias Exactas, Fisicas y Naturales
_332
_h80
_q373-378
_d1997
_g21
999 _c14294
_d14294